Things that fly / (Registro nro. 13067)

Detalles MARC
000 -LIDER
fixed length control field 00694nam a22002297a 4500
003 - IDENTIFICACDOR DE NÚMERO DE CONTROL
control field DO-SdBNP
005 - DATE AND TIME OF LATEST TRANSACTION
control field 20171124103427.0
008 - ELEMENTOS DE LONGITUD FIJA
fixed length control field 171124b 1987 A ||||| |||| 00| 0 spa d
020 ## - ISBN
International Standard Book Number 0746001045
040 ## - FUENTE DE CATALOGACIÓN
Agencia que crea de manera original el registro BPMSU
Idioma de catalogación spa
Agencia que realiza la transcripción BPMSU
092 ## - LOCALLY ASSIGNED DEWEY DECIMAL CALL NUMBER
Número de clasificación xxxx
Número de ítem (Cutter) xxxx
240 ## - TITULO UNIFORME
Título uniforme Finding out about Things that fly.
Idioma de una obra Eng
245 10 - MENCIÓN DE TITULO
Título Things that fly /
Mención de responsabilidad by Kate Little ; illustrated by Peter Bull and Guy Smith.
300 ## - DESCRIPCIÓN FÍSICA
Extensión 24 p. :
Otros detalles físicos il . ;
Dimensiones 21 cm.
490 1# - MENCIÓN DE SERIES
Mención de serie Usborne explainers.
700 12 - ASIENTO SECUNDARIO -- NOMBRE PERSONAL
Nombre personal Bull, Peter,
Mención de responsabilidad il.
700 12 - ASIENTO SECUNDARIO -- NOMBRE PERSONAL
Nombre personal Smith, Guy,
Mención de responsabilidad il.
830 #0 - ASIENTO SECUNDARIO DE SERIE--TÍTULO UNIFORME
Título uniforme Usborne explainers.
942 ## - ADDED ENTRY ELEMENTS (KOHA)
Source of classification or shelving scheme Dewey Decimal Classification
Koha item type Libros
945 ## - INFORMACIÓN DE PROCESAMIENTO LOCAL
Información de procesamiento local Inventario 2017 LP
956 ## - LOCAL ELECTRONIC LOCATION AND ACCESS (OCLC)
Nombre de host LOPEREZ
Número de acceso 10
Información de compresión 20171124
Procesador de solicitud 0041
Instrucción BPMSU
Existencias
Withdrawn status Lost status Source of classification or shelving scheme Damaged status Not for loan Collection code Home library Current library Date acquired Source of acquisition Total Checkouts Barcode Date last seen Price effective from Koha item type
    Dewey Decimal Classification     Colección Juvenil General Biblioteca Pública Metropolitana Salomé Ureña Biblioteca Pública Metropolitana Salomé Ureña 11/24/2017 FUNDI   BPMSU17110393 11/24/2017 11/24/2017 Libros